00366nam a22001337a 450000500170000000800410001704100130005808200130007110000130008424500310009726000470012830000310017565000260020620240719093202.0240719b |||||||| |||| 00| 0 eng d aEnglish  a349 SOU  lEnglish  aSouth African Law Reports  aCape Town: bJuta and Company Ltd, c1983  bxvi, 1163 pages; c26 cm.  aLegal practice bLaw